| 000 | 00470nmm a2200169Ia 4500 | ||
|---|---|---|---|
| 008 | 251105s9999||||xx |||||||||||||||||und|| | ||
| 020 | _a9788491804482 | ||
| 041 | _aspa | ||
| 100 | _aSaura, Carlos | ||
| 245 | 0 | _aEl Aragón de Saura | |
| 264 |
_a[Madrid, España] : _bUniversitat Oberta de Catalunya, _c2019 |
||
| 300 | _a138 páginas | ||
| 490 | _aLuis Buñuel | ||
| 650 | _aFilm studies | ||
| 856 | _uhttps://public.digitaliapublishing.com/a/61728 | ||
| 942 | _cCF | ||
| 999 |
_c88693 _d88693 |
||